Almanaque militar para...: (Record no. 185566)

MARC details
000 -LEADER
campo de control de longitud fija 00814nas a2200241 i 4500
001 - NÚMERO DE CONTROL
campo de control 185566
003 - IDENTIFICADOR DE NÚMERO DE CONTROL
campo de control ES-MaACL
005 - FECHA Y HORA DE LA ÚLTIMA TRANSACCIÓN
campo de control 20250809032530.0
008 - DATOS DE LONGITUD FIJA--INFORMACIÓN GENERAL
campo de control de longitud fija 160713d18921903sp a| | ||pa d
022 ## - NÚMERO INTERNACIONAL NORMALIZADO PARA PUBLICACIONES SERIADAS
Número Internacional Normalizado para Publicaciones Seriadas 2481-3664
245 00 - MENCIÓN DEL TÍTULO
Título Almanaque militar para...:
Resto del título recopilación, por orden alfabético, de leyes, decretos, reales órdenes, circulares, etc., etc.
260 ## - PUBLICACIÓN, DISTRIBUCIÓN, ETC.
Lugar de publicación, distribución, etc. Madrid :
Nombre del editor, distribuidor, etc. [s.n.],
Fecha de publicación, distribución, etc. 1892-1903 (
Fabricante Agustín Avrial)
300 ## - DESCRIPCIÓN FÍSICA
Extensión 1 v. ;
Dimensiones 17 cm.
310 ## - PERIODICIDAD ACTUAL
Periodicidad actual Anual
362 0# - FECHAS DE PUBLICACIÓN Y/O DESIGNACIÓN SECUENCIAL
Fecha de publicación y/o designación secuencial Año I (1892)-1903.
500 ## - NOTA GENERAL
Nota general Compilador, Miguel Muñoz Cuéllar.
650 #7 - PUNTO DE ACCESO ADICIONAL DE MATERIA--TÉRMINO DE MATERIA
Término de materia o nombre geográfico como elemento de entrada Derecho militar-
Subdivisión geográfica España
Fuente del encabezamiento o término
9 (RLIN) 155607
700 0# - ENTRADA AGREGADA--NOMBRE PERSONAL
Nombre de persona Muñoz Cuéllar, Miguel.
9 (RLIN) 84381
785 00 - ENTRADA/ENLACE A UN TÍTULO POSTERIOR
Encabezamiento principal Anuario legislativo militar
852 ## - LOCALIZACIÓN
Ubicación ES-MaACL
Número de control de estantería G-10097
Nota libre - Legado Calderón
866 #0 - MENCIÓN TEXTUAL DE FONDOS--UNIDAD BIBLIOGRÁFICA BÁSICA
Fondos 1900.
Holdings
Estatus retirado Estado de pérdida Estado de daño No para préstamo Colección Biblioteca de origen Biblioteca actual Ubicación en estantería Fecha de adquisición Fuente de adquisición Total de préstamos Signatura topográfica completa Código de barras Visto por última vez Precio de reemplazo Tipo de ítem Koha
        Periódicos y Revistas Biblioteca del Ateneo de Madrid Biblioteca del Ateneo de Madrid Sala Pecera Planta 3 13/07/2016     G-10097 1195585 23/02/2023 23/02/2023 Revista